Foreword
Elmentve itt :
| Szerző: | |
|---|---|
| Dokumentumtípus: | Könyv része |
| Megjelent: |
2006
|
| Sorozat: | Szemtanú : fiatalok, mint a történelem szereplői
Association of Hungarian University and College Students 1956 - Szeged |
| Kulcsszavak: | Forradalom - Magyarország - 1956 - regionális - forrás - előszó, Szeged - forradalom - 1956 - forrás - előszó |
| Tárgyszavak: | |
| Online Access: | http://acta.bibl.u-szeged.hu/67651 |
| LEADER | 00860naa a2200217 i 4500 | ||
|---|---|---|---|
| 001 | acta67651 | ||
| 005 | 20220204110102.0 | ||
| 008 | 200504s2006 hu o 0|| eng d | ||
| 022 | |a 1587-2963 | ||
| 040 | |a SZTE Egyetemi Kiadványok Repozitórium |b hun | ||
| 041 | |a eng | ||
| 100 | 1 | |a Lipták Béla | |
| 245 | 1 | 0 | |a Foreword |h [elektronikus dokumentum] / |c Lipták Béla |
| 260 | |c 2006 | ||
| 300 | |a 7-12 | ||
| 490 | 0 | |a Szemtanú : fiatalok, mint a történelem szereplői | |
| 490 | 0 | |a Association of Hungarian University and College Students 1956 - Szeged | |
| 650 | 4 | |a Bölcsészettudományok | |
| 650 | 4 | |a Történettudomány és régészet | |
| 695 | |a Forradalom - Magyarország - 1956 - regionális - forrás - előszó, Szeged - forradalom - 1956 - forrás - előszó | ||
| 856 | 4 | 0 | |u http://acta.bibl.u-szeged.hu/67651/1/szemtanu_eng_007-012.pdf |z Dokumentum-elérés |